000 00811nas a2200241 454500
001 24740
005 20260407193506.0
008 260407s1973####ag###########|||spa#d
003 AR-UNSa-BCEJYS
040 _aAR-UNSa-BCEJYS
_bspa
_cAR-UNSa-BCEJYS
080 _a658
_xAdministración de empresas. Organización comercial
245 1 0 _aGestión
_pla revista del gerente profesional
264 1 _aBuenos Aires :
_bCoyuntura
_c1973
310 _aFrecuencia: Bimestral
942 _cSER
590 _aniveau_biblio:s niveau_hierar:1
100 1 _aBorrini, Alberto
650 _aEMPRESAS
650 _aGestión
650 _aMarketing
650 _aADMINISTRACION DE EMPRESAS
856 4 1 _uhttps://biblioeco.unsa.edu.ar/pmb/images/revistas/Gestion(revista del gerente profesional).jpg
_yImagen de portada
_qimage/jpeg
999 _c8581
_d8581